How many cities can you name in Delaware? - Statistics

General Stats
  • This quiz has been taken 26 times
  • The average score is 14 of 79
Answer Stats
County Population Answer % Correct
Kent 39,403 Dover
93%
New Castle 70,898 Wilmington
79%
Sussex 894 Lincoln
50%
New Castle 5,551 New Castle
50%
New Castle 30,061 Newark
43%
Kent 12,883 Smyrna
43%
Sussex 7,134 Georgetown
36%
Sussex 92 Farmington
29%
Sussex 990 Greenwood
29%
Sussex 3,303 Lewes
29%
New Castle 23,192 Middletown
29%
Sussex 11,910 Milford
29%
Sussex 3,291 Milton
29%
Sussex 1,108 Rehoboth Beach
29%
Sussex 7,957 Seaford
29%
New Castle 23,060 Bear
21%
Sussex 2,568 Bridgeville
21%
Kent 3,715 Camden
21%
Sussex 870 Dagsboro
21%
New Castle 1,855 Delaware City
21%
Sussex 2,027 Delmar
21%
Kent 1,073 Frederica
21%
Kent 3,774 Harrington
21%
Sussex 3,865 Laurel
21%
Sussex 1,825 Millville
21%
Sussex 2,636 Ocean View
21%
Sussex 954 Bethany Beach
14%
Sussex 239 Bethel
14%
Sussex 1,179 Blades
14%
Kent 278 Bowers
14%
Sussex 353 Dewey Beach
14%
Kent 2,810 Dover Base Housing
14%
Sussex 487 Ellendale
14%
Kent 1,316 Felton
14%
Sussex 343 Fenwick Island
14%
Sussex 790 Frankford
14%
New Castle 15,288 Glasgow
14%
New Castle 3,104 Greenville
14%
Sussex 139 Henlopen Acres
14%
New Castle 13,478 Hockessin
14%
Kent 178 Leipsic
14%
Kent 195 Little Creek
14%
Sussex 3,017 Long Neck
14%
Sussex 6,863 Millsboro
14%
New Castle 366 Odessa
14%
Sussex 2,878 Selbyville
14%
Sussex 218 Slaughter Beach
14%
Sussex 451 South Bethany
14%
New Castle 1,957 St. Georges
14%
New Castle 2,717 Townsend
14%
Kent 190 Woodside
14%
Kent 2,570 Woodside East
14%
Kent 1,680 Wyoming
14%
New Castle 430 Arden
7%
New Castle 226 Ardencroft
7%
New Castle 255 Ardentown
7%
New Castle 1,225 Bellefonte
7%
New Castle 14,974 Brookside
7%
Kent 1,923 Cheswold
7%
New Castle 9,895 Claymont
7%
Kent 3,961 Clayton
7%
New Castle 6,635 Edgemoor
7%
New Castle 6,229 Elsmere
7%
Kent 73 Hartly
7%
Kent 3,492 Highland Acres
7%
Kent 381 Houston
7%
Kent 2,144 Kent Acres
7%
Kent 215 Kenton
7%
Kent 277 Magnolia
7%
New Castle 910 Newport
7%
New Castle 8,056 North Star
7%
New Castle 7,808 Pike Creek
7%
New Castle 11,692 Pike Creek Valley
7%
New Castle 162 Port Penn
7%
Kent 4,104 Rising Sun-Lebanon
7%
Kent 2,458 Riverview
7%
Kent 1,489 Rodney Village
7%
Kent 140 Viola
7%
New Castle 8,162 Wilmington Manor
7%
No matching quizzes found
Score Distribution
Percent of People with Each Score
Percentile by Number Answered
Your Score History
You have not taken this quiz